000 00436nam a2200181Ia 4500
001 23398
005 20260414150934.0
008 260414t2005||||xx |||||||||||||| ||spa||
041 _aESP
082 _a636.2142
_bM97
100 _aMuroya Umesaki, César
_eAUT
245 0 _aCómo hacer rentable en establo
_b
260 _c2005
300 _a187 páginas :
_c20 cm.
650 _aCNM
654 _aCCN
942 _cLIB
_dJUS
_fJUS
_2ddc
_n
999 _c23398
_d23398